| 000 | 01055cam a2200229 4500 | ||
|---|---|---|---|
| 001 | L159703 | ||
| 008 | 171212n2017 000 0 eng u | ||
| 020 | _a9780727762016 | ||
| 035 | _a(Sirsi) u159703 | ||
| 041 | 0 | _aeng | |
| 050 | 0 | 4 | _a624.04 $2 18 |
| 100 | 1 | _aGerrard, Robert | |
| 245 | 0 | 0 | _aNEC3 and NEC4 compared |
| 260 |
_aLondon _bICE Publishing _c2017 |
||
| 350 | _a30 | ||
| 505 | 2 | _aSchedule of options -- Core clauses -- Main option clauses -- Dispute resolution -- Secondary option clauses -- Schedule of cost components -- Shorter schedule of cost components | |
| 520 | _aPresents the wording of NEC3 against that of NEC4 with appropriate changes highlighted. Explanatory notes, to be found under the relevant clauses, cover the significance of the more important changes. Designed so that the user can look up any clause in NEC3 and see at first glance whether there are any changes in NEC4. | ||
| 650 | 2 | 4 | _aNEW ENGINEERING CONTRACT (FOURTH EDITION) |
| 651 | 4 | _aENGLAND AND WALES | |
| 690 |
_aContracts _96232 |
||
| 942 |
_n0 _2ddc |
||
| 999 |
_c116091 _d116091 |
||